000 03465nam a22004337a 4500
005 20090119114350.0
008 090119t xxu||||| |||| 00| 0 eng d
010 _aB-357769
020 _a9780380732722
_c154.80
020 _a0380732726
035 _aB-357769
035 _aB-345698-710
037 _bTarun Books (vendor)
040 _adpl
_bEnglish
082 _aS
100 _aCleary, Beverly
245 _aRamona's world /
_cby Beverly Clearly; illustrated by Tracy Dockray
260 _aNew York
_bHarper Collins Publishers
_c2006
270 _a1350 Avenue of the Americas
_bNew York
_eNY 10019
300 _a209, 19p.:
_bill.
_c20cm(pbk)
700 _aDockray, Tracy
942 _2ddc
_cCH
_hS
_mCLE
999 _c21199
_d21199